000 00554nam a2200193 a 4500
005 20140310183341.0
008 061128s19uu xx 00 eng d
020 _a981404055
050 _aBF 76.5
_b.H43 1999
100 _aHeiman, Gary W.
245 _aResearch methods in Psychology. /
_cGary Heiman.
250 _a2nd ed.
260 _aBoston, New York :
_bHoughton Mifflin Company,
_c1999.
300 _a521 p. :
_bill. ;
_c22 cm.
521 _aPSYCH
650 _aPsychology
_xReserach
_xMethodology.
942 _cBK
_2lcc
_kFOR
999 _c21804
_d21804